Optimization by vector space methods /
Guardado en:
| Autor Principal: | |
|---|---|
| Formato: | Libro |
| Idioma: | English |
| Publicado: |
New York :
Wiley,
c1969.
|
| Series: | Series in decision and control
|
| Etiquetas: |
Agregar Etiqueta
Sin Etiquetas, Sea el primero en etiquetar este registro!
|
| LEADER | 00608cam a22001935a 4500 | ||
|---|---|---|---|
| 001 | MAT.inmabb002204 | ||
| 008 | 700802s19691969nyua#####b####001#0#eng#d | ||
| 005 | 20170612152501.0 | ||
| 245 | 1 | 0 | |a Optimization by vector space methods / |c David G. Luenberger. |
| 260 | |a New York : |b Wiley, |c c1969. | ||
| 300 | |a xvii, 326 p. : |b il. ; |c 24 cm. | ||
| 440 | 0 | |a Series in decision and control | |
| 504 | |a Bibliografía: p. 312-319. | ||
| 510 | 4 | |a MR, |c 38 #6748 | |
| 020 | |a 047155359X | ||
| 100 | 1 | |a Luenberger, David G., |d 1937- | |
| 084 | |a 65.30 (93.00) |2 MR | ||
| 010 | |a 68008716 | ||
| 859 | |h 65 |i L948 |p A-3874 |b BIB. MATEMATICA | ||
